Determinants of Argentina's external trade

Gespeichert in:
Bibliographische Detailangaben
1. Verfasser: Catao, Luis
Weitere Verfasser: Falcetti, Elisabetta
Format: Buch
Sprache:Englisch
Veröffentlicht: Washington International Monetary Fund 1999
Schriftenreihe:IMF Working Paper WP/99/121
Schlagworte:
Tags: Tag hinzufügen
Keine Tags, Fügen Sie das erste Tag hinzu!

MARC

LEADER 00000nam a2200000 4500
001 c123771
005 20221221082010.2
041 0 |a eng 
044 |a US 
245 1 0 |a Determinants of Argentina's external trade  |c Luis Catao and Elisabetta Falcetti 
264 1 |a Washington  |b International Monetary Fund  |c 1999 
300 |a 35 s. 
490 1 |a IMF Working Paper  |v WP/99/121 
830 0 |a IMF Working Paper  |v WP/99/121 
610 2 0 |a obchod medzinárodný 
610 2 0 |a obchod zahraničný 
610 2 0 |a Argentína 
100 1 |a Catao, Luis 
700 1 |a Falcetti, Elisabetta